000 01140nam a2200313 i 4500
003 IT-RoINE
005 20190213073114.0
008 920310s1988 it |||||r |||||||ita|d
020 _a8831132016
040 _cIT-RoINE
_dIT-RoINE
041 1 _aita
_gger
100 1 _aHertling, Ludwig von,
_94450
_cS.I.,
_d1892-1980
240 1 0 _aGeschichte des katholischen Kirche.
_lItaliano
245 1 0 _aStoria della Chiesa /
_cLudwig Hertling ; nuova edizione aggiornata a cura di Alessandro Galuzzi e Franco Molinari.
250 _a5ª ed.
260 _aRoma :
_bCittaà nuova,
_c1988.
300 _a739 p. ;
_c22 cm.
336 _2rdacontent
_atext
337 _2rdamedia
_aunmediated
338 _2rdacarrier
_avolume
500 _aTraducción de: Geschichte des katholischen Kirche.
500 _aSubtít. de la cop.: La penetrazione dello spazio umano ad opera del cristianesimo.
500 _aIncluye índices.
504 _aBibliografía: p. [695]-703.
610 2 4 _91635
_aIglesia Católica
_xHistoria
700 1 _aMolinari, Franco,
_949830
_d1928-1991
700 1 _aGaluzzi, Alessandro,
_952657
_cO.M.,
_d1941-
942 _cMTS
999 _c29118
_d29118